LIBRARY & INFORMATION CENTRE, KCAET, TAVANUR

ONLINE PUBLIC ACCESS CATALOGUE (OPAC)

Computer graphics : A programming approach / (Record no. 178)

MARC details
000 -LEADER
fixed length control field 00481cam a2200181ua 4500
020 ## - INTERNATIONAL STANDARD BOOK NUMBER
ISBN 0-07-100472-6
041 ## - LANGUAGE CODE
Language code of text/sound track or separate title eng
082 ## - DEWEY DECIMAL CLASSIFICATION NUMBER
Classification number 006.66
Item number HAR/CO
100 ## - MAIN ENTRY--AUTHOR NAME
Personal name Harrington, Steven.
245 ## - TITLE STATEMENT
Title Computer graphics : A programming approach /
250 ## - EDITION STATEMENT
Edition statement 2 /
260 ## - PUBLICATION, DISTRIBUTION, ETC. (IMPRINT)
Place of publication New York :
Name of publisher Mc Graw Hill Book Company ,
Year of publication 1987.
300 ## - PHYSICAL DESCRIPTION
Number of Pages 466 ; .
650 ## - SUBJECT ADDED ENTRY--TOPICAL TERM
Topical Term Computer Graphics
942 ## - ADDED ENTRY ELEMENTS (KOHA)
Koha item type Books
Holdings
Withdrawn status Lost status Damaged status Home library Current library Date acquired Full call number Accession Number Koha item type
      KAUAET KAUAET 07/04/2012 006.66 16848 Books
free website counter